000 00294nam a2200121Ia 4500
008 190216s9999||||xx |||||||||||||| ||und||
100 _aKavitha Thiranedutha Committee
245 0 _aNaveena Kavitha
260 _bCambridge Uty Press
_c1987
300 _a56p
650 _aKavithkal
942 _cBK
999 _c29871
_d29871